| 000 | 01043nac a22003137a 4500 | ||
|---|---|---|---|
| 001 | BR7700302 | ||
| 003 | BR-BrBNA | ||
| 005 | 20240105114017.0 | ||
| 008 | 230509b bl.|||m| |||| 00| 0 por d | ||
| 040 |
_aBR-BrBNA _bpor _cBiblioteca Nacional de Agricultura |
||
| 072 | _aA50; F00; L00 | ||
| 090 | _a0120 BR7700302 | ||
| 110 | 1 |
_aUnidade de Execucao de Pesquisa de Ambito Estadual de Quissama, SE (Brasil) _910375 |
|
| 245 | 1 | _aRelatorio de atividades [Unidade de Execucao de Pesquisa de Ambito Estadual de Quissama, Brasil] | |
| 260 | 3 |
_aQuissama, SE (Brasil): _c1976. |
|
| 300 | _a23 p. | ||
| 490 |
_aRelatorio Trimestral - Unidade de Execucao de Pesquisa de Ambito Estadual de Quissama (Brazil) _vv. 1(1) _x |
||
| 650 | _aMILHO | ||
| 650 | _aFEIJAO | ||
| 650 | _aMANDIOCA | ||
| 650 | _aCOCO | ||
| 650 | _aGADO LEITEIRO | ||
| 650 | _aGADO DE CORTE | ||
| 650 | _aPESQUISA AGRICOLA | ||
| 650 | _aPESQUISA PECUARIA | ||
| 650 | _aREGIAO NORDESTE | ||
| 909 |
_a202312 _bLúcia Elande _c55 _dLúcia Elande |
||
| 942 |
_2AGRIS _n0 _cMS |
||
| 999 |
_c266877 _d266877 |
||